Players in Fifa 13 rated 87 or higher - Statistics

General Stats
  • This quiz has been taken 3,044 times
  • The average score is 20 of 27
Answer Stats
Hint Club Answer % Correct
94 Barcelona Messi
100%
92 Real Madrid Cristiano Ronaldo
99%
90 Barcelona Xavi
95%
90 Barcelona Iniesta
94%
89 Manchester United Wayne Rooney
90%
88 PSG Zlatan Ibrahimovic
88%
88 Bayern Munich Arjen Robben
87%
90 Bayern Munich Ribery
87%
87 Manchester City Sergio Aguero
82%
88 Manchester United Robin van Persie
79%
89 Real Madrid Casillas
78%
88 Manchester City David Silva
78%
87 Real Madrid Sergio Ramos
78%
87 PSG Thiago Silva
78%
88 Atletico Madrid Falcao
74%
87 Chelsea Eden Hazard
73%
87 Bayern Munich Manuel Neuer
72%
87 Real Madrid Karim Benzema
70%
89 Manchester United Nemanja Vidic
68%
87 Bayern Munich Phillip Lahm
67%
87 Juventus Gianluigi Buffon
64%
87 Juventus Andrea Pirlo
62%
87 Real Madrid Mesut Ozil
60%
87 Real Madrid Xabi Alonso
56%
87 Bayern Munich Mario Gomez
46%
87 Barcelona Cesc Fabregas
42%
87 Inter Milan Wesley Sneijder
37%
No matching quizzes found
Score Distribution
Percent of People with Each Score
Percentile by Number Answered
Your Score History
You have not taken this quiz